Unificazione e riforma della legislazione civile, penale ed amministrativa nel regno d'Italia (Record no. 158608)

MARC details
000 -LEADER
campo de control de longitud fija 00610nam a22001575i 4500
001 - NÚMERO DE CONTROL
campo de control 158608
003 - IDENTIFICADOR DE NÚMERO DE CONTROL
campo de control ES-MaACL
005 - FECHA Y HORA DE LA ÚLTIMA TRANSACCIÓN
campo de control 20230906211233.0
008 - DATOS DE LONGITUD FIJA--INFORMACIÓN GENERAL
campo de control de longitud fija 011025s1876 it |||| | ita d
040 ## - FUENTE DE CATALOGACIÓN
Centro catalogador/agencia de origen CCPB | B
Lengua de catalogación spa
Centro/agencia transcriptor CCPB | B
100 1# - ENTRADA PRINCIPAL--NOMBRE DE PERSONA
Nombre de persona Mancini, Pasquale Stanislao.
9 (RLIN) 75932
245 10 - MENCIÓN DEL TÍTULO
Título Unificazione e riforma della legislazione civile, penale ed amministrativa nel regno d'Italia
Resto del título : discorsi e relazioni parlamentari (1862-1876) /
Mención de responsabilidad, etc. di P. S. Mancini.
260 ## - PUBLICACIÓN, DISTRIBUCIÓN, ETC.
Lugar de publicación, distribución, etc. Roma :
Nombre del editor, distribuidor, etc. [s.n.],
Fecha de publicación, distribución, etc. 1876 (
Fabricante Tipografia Eredi Botta)
300 ## - DESCRIPCIÓN FÍSICA
Extensión VIII, 807 p. ;
Dimensiones 25 cm.
852 ## - LOCALIZACIÓN
Ubicación ES-MaACL
Número de control de estantería F-9382
Nota libre -- Enc. pasta
Holdings
Estatus retirado Estado de pérdida Estado de daño No para préstamo Colección Biblioteca de origen Biblioteca actual Ubicación en estantería Fecha de adquisición Fuente de adquisición Total de préstamos Signatura topográfica completa Código de barras Visto por última vez Precio de reemplazo Tipo de ítem Koha
        Libros del s. XIX Biblioteca del Ateneo de Madrid Biblioteca del Ateneo de Madrid Sala Pecera Planta 2 17/01/2008     F-9382 1166014 23/02/2023 23/02/2023 Libro impreso antiguo